Fluid mechanics and machinery. -- 2nd ed. (Record no. 43651)

MARC details
000 -LEADER
fixed length control field 00681nam a2200193 a 4500
008 - FIXED-LENGTH DATA ELEMENTS--GENERAL INFORMATION
fixed length control field 101022s2007 ||||||||||||||||| || u
020 ## - INTERNATIONAL STANDARD BOOK NUMBER
International Standard Book Number 8122419755
050 ## - LIBRARY OF CONGRESS CALL NUMBER
Classification number TA 357 Kot
100 ## - MAIN ENTRY--PERSONAL NAME
Personal name Rudramoorthy, R
245 10 - TITLE STATEMENT
Title Fluid mechanics and machinery. -- 2nd ed.
Statement of responsibility, etc. C. P. Kothandaraman, R. Rudramoorthy
250 ## - EDITION STATEMENT
Edition statement 2nd ed.
260 ## - PUBLICATION, DISTRIBUTION, ETC.
Place of publication, distribution, etc. New Delhi
Name of publisher, distributor, etc. New Age
Date of publication, distribution, etc. 2007
300 ## - PHYSICAL DESCRIPTION
Extent xvii, 596p.
350 ## - PRICE (NR) (BK AM CF MU VM SE) [OBSOLETE]
Price 0.00
650 ## - SUBJECT ADDED ENTRY--TOPICAL TERM
Topical term or geographic name entry element MECHANICS
650 ## - SUBJECT ADDED ENTRY--TOPICAL TERM
Topical term or geographic name entry element FLUID MECHANICS
700 ## - ADDED ENTRY--PERSONAL NAME
Personal name Kothandaraman, C. P
995 ## - RECOMMENDATION 995 [LOCAL, UNIMARC FRANCE]
-- 83200.00
-- CBU-MAIN LIBRARY (Kitwe)
-- 1
-- 83200.00
-- 1
-- AVAILABLE
-- Oct 22, 2010
-- Main Library Open Access Collection
Holdings
Withdrawn status Lost status Source of classification or shelving scheme Damaged status Not for loan Home library Current library Shelving location Date acquired Total Checkouts Full call number Barcode Date last seen Price effective from Koha item type
          CBU-MAIN LIBRARY, KITWE. CBU-MAIN LIBRARY, KITWE.   11/30/2022   TA 357 Kot 741649 11/30/2022 11/30/2022 MONOGRAPH